000 00792nam0a22002411 4500
001 rc\2707386
005 20250529121501.0
035 _a(NLR Aleph) 006835336
090 _a6588549
_c6588549
100 _a20110915d1934 |||y0rusy50 ca
101 0 _arus
102 _aRU
105 _ay z |||||
200 1 _aПодготовка почвы под махорку и борьба с сорняками
_fИ. Терех
_gВсесоюзный н.-и. ин-т махор. промышленности
210 _aХарьков
_aКиев
_cИзд-во Наркомснаба УССР
_d1934
215 _a36 с.
_d15 см.
700 1 _aТерех
_bИ.
801 0 _aRU
_bNLR
_gpsbo
801 1 _aRU
_bELAR
_2rusmarc
852 _aNLR
_j34-8/1126
942 _cBOOK
980 _aNB